000 00763pam a22002771i 4500
001 358786
003 OSt
005 20140310182011.0
008 770919t19771944nyu j 000 1 eng
010 _a 77013928
020 _a014031010X :
_c$1.50
040 _aDLC
_cDLC
_dDLC
042 _alcac
050 1 0 _aPZ 10.3
_b.L39 1977
082 0 0 _aKF
_bL44r 1977
100 1 _aLawson, Robert
_d1892-1957.
_96006
245 1 0 _aRabbit hill /
_cRobert Lawson.
260 _aNew York :
_bPenguin Group,
_cc1977.
300 _a127 p. :
_bill. ;
_c20 cm.
541 _j1
562 _e1
650 0 _aAnimals
_vJuvenile fiction.
_96007
650 1 _aAnimals
_vFiction.
_96008
906 _a7
_bcbc
_corignew
_d1
_eocip
_f19
_gy-gencatlg
942 _2lcc
_cBK-KF
_kKF
999 _c8142
_d8142